000
00317 a2200145 4500
001
169694
020
_a
040
_c
Magnum
100
_a
Pereira, Lusia Ribeiro
240
1
0
_a
Fazer pesquisa e um problema ?
_l
por
245
1
0
_a
Fazer pesquisa e um problema ?
362
0
_a
1899
697
_a
GERAL
942
_c
BK
999
_c
169694
_d
169694